000
00437nam a2200145Ia 4500
008
100122s9999 xx 000 0 und d
082
_b
19058
_a
823.08
100
_a
देवकुळे ज ग
245
_a
वाघिणीची चाल
260
_b
शिरीष एजन्सी
_c
1972
300
_a
150
630
_a
वाघिणीची चाल
730
_a
वाघिणीची चाल
942
_c
BOOK
999
_c
408208
_d
408205